Enhancing your potential (Record no. 67578)
[ view plain ]
| 000 -LEADER | |
|---|---|
| fixed length control field | 00972cam a2200205 4500 |
| 001 - CONTROL NUMBER | |
| control field | X113423 |
| 008 - FIXED-LENGTH DATA ELEMENTS--GENERAL INFORMATION | |
| fixed length control field | 000000n2001 000 0 eng u |
| 035 ## - SYSTEM CONTROL NUMBER | |
| System control number | (Sirsi) u113423 |
| 100 ## - MAIN ENTRY--PERSONAL NAME | |
| Personal name | Oluwatudimu, A. |
| 245 ## - TITLE STATEMENT | |
| Title | Enhancing your potential |
| 260 ## - PUBLICATION, DISTRIBUTION, ETC. | |
| Date of publication, distribution, etc. | 2001 |
| 490 ## - SERIES STATEMENT | |
| Series statement | ASI Journal |
| Volume/sequential designation | 12(8) June 2001, 26-32(3) |
| 520 ## - SUMMARY, ETC. | |
| Summary, etc. | Looks at the rising prominence of project management in construction industry and how project management skills are being used by construction professionals to maintain and improve their competitive edge. Outlines the project management process, recognition of its importance by construction industry bodies, the role and function of the Association for Project Management (APM) and CPD training opportunities. References. |
| 650 ## - SUBJECT ADDED ENTRY--TOPICAL TERM | |
| Topical term or geographic name entry element | ASSOCIATION FOR PROJECT MANAGEMENT |
| 650 ## - SUBJECT ADDED ENTRY--TOPICAL TERM | |
| Topical term or geographic name entry element | CONSTRUCTION INDUSTRY |
| 650 ## - SUBJECT ADDED ENTRY--TOPICAL TERM | |
| Topical term or geographic name entry element | CONSTRUCTION PROFESSIONALS |
| 650 ## - SUBJECT ADDED ENTRY--TOPICAL TERM | |
| Topical term or geographic name entry element | PROJECT MANAGERS |
| 690 ## - LOCAL SUBJECT ADDED ENTRY--TOPICAL TERM (OCLC, RLIN) | |
| Topical term or geographic name as entry element | Project management |
| 9 (RLIN) | 6261 |
| 942 ## - ADDED ENTRY ELEMENTS (KOHA) | |
| Suppress in OPAC | 0 |
| Withdrawn status | Lost status | Source of classification or shelving scheme | Damaged status | Not for loan | Home library | Current library | Shelving location | Date acquired | Total Checkouts | Full call number | Barcode | Date last seen | Copy number | Price effective from | Koha item type |
|---|---|---|---|---|---|---|---|---|---|---|---|---|---|---|---|
| Dewey Decimal Classification | London | London | Journal article | 04/07/2001 | X113423 | 113423-1001 | 06/08/2019 | 1 | 06/08/2019 | Journal article |